[Event "Poznan op 28th"]
[Site "Poznan"]
[Date "2021.08.22"]
[Round "9"]
[White "Czyzewski, Olgierd"]
[Black "Maciejski, Pawel"]
[Result "1/2-1/2"]
[WhiteElo "1104"]
[BlackElo "1438"]
[PlyCount "85"]
[EventDate "2021.08.15"]
[EventType "swiss"]
[EventRounds "9"]
[EventCountry "POL"]
[SourceTitle "CBM 203 Extra"]
[Source "ChessBase"]
[SourceDate "2021.09.30"]
[SourceVersion "1"]
[SourceVersionDate "2021.09.30"]
[SourceQuality "1"]

1. e4 c6 2. d4 d5 3. e5 c5 4. dxc5 Nc6 5. Nf3 Bg4 6. Bf4 e6 7. h3 Bh5 8. c3 Bxc5 9. Bd3 Qb6 10. Qc2 Bxf3 11. gxf3 h5 12. Rg1 Kf8 13. b4 Be7 14. b5 Nb8 15. Nd2 Nd7 16. Be3 Qc7 17. f4 Nc5 18. Bxc5 Bxc5 19. c4 Ne7 20. Nb3 Bb4+ 21. Ke2 dxc4 22. Qxc4 Qxc4 23. Bxc4 Nf5 24. Rad1 Ke7 25. Nd4 Nxd4+ 26. Rxd4 Bc5 27. Rd3 g6 28. Rc1 Bb6 29. Rcd1 Rad8 30. a4 Rxd3 31. Rxd3 Rd8 32. Rxd8 Bxd8 33. f3 Kd7 34. Bd3 Ba5 35. Be4 Kc7 36. Bd3 Kb6 37. Be4 a6 38. Bd3 h4 39. Bc4 Bb4 40. Ke3 a5 41. Ke4 Kc5 42. Be2 b6 43. Bd3 1/2-1/2

[Event "Poznan op 28th"]
[Site "Poznan"]
[Date "2021.08.20"]
[Round "7"]
[White "Czyzewski, Olgierd"]
[Black "Zarzycki, Piotr"]
[Result "1-0"]
[WhiteElo "1104"]
[BlackElo "1410"]
[PlyCount "83"]
[EventDate "2021.08.15"]
[EventType "swiss"]
[EventRounds "9"]
[EventCountry "POL"]
[SourceTitle "CBM 203 Extra"]
[Source "ChessBase"]
[SourceDate "2021.09.30"]
[SourceVersion "1"]
[SourceVersionDate "2021.09.30"]
[SourceQuality "1"]

1. c4 e5 2. g3 c6 3. d4 exd4 4. Qxd4 Qf6 5. Nf3 Qxd4 6. Nxd4 Bc5 7. Nb3 Bb6 8. Bf4 Nf6 9. c5 Bd8 10. Nc3 Na6 11. Bg2 b6 12. cxb6 axb6 13. e4 0-0 14. Bd6 Re8 15. e5 Ng4 16. 0-0 Be7 17. Rfe1 Bxd6 18. exd6 Nf6 19. Re7 Rxe7 20. dxe7 Ne8 21. Nd4 Ra7 22. Bh3 Nac7 23. Nxc6 dxc6 24. Bxc8 Ne6 25. Rd1 Rxe7 26. Rd7 Kf8 27. Rxe7 Kxe7 28. Bb7 Kd7 29. Ba6 b5 30. a4 bxa4 31. Nxa4 N8c7 32. Bf1 Kd6 33. f4 Nc5 34. Nc3 Nd5 35. Kg2 Ne3+ 36. Kf2 Nd1+ 37. Nxd1 Kd5 38. Bg2+ Kd6 39. Ke3 Nb3 40. Nc3 c5 41. Ne4+ Ke6 42. Ng5+ 1-0